Crime index Bangladesh 2007 (Record no. 503)
[ view plain ]
| 000 -LEADER | |
|---|---|
| fixed length control field | 00806nam a22002657a 4500 |
| 008 - FIXED-LENGTH DATA ELEMENTS--GENERAL INFORMATION | |
| fixed length control field | 130618b xxu||||| |||| 00| 0 eng d |
| 020 ## - INTERNATIONAL STANDARD BOOK NUMBER | |
| International Standard Book Number | 984-08 02 42 4 |
| 024 ## - OTHER STANDARD IDENTIFIER | |
| Terms of availability | Available |
| 037 ## - SOURCE OF ACQUISITION | |
| Terms of availability | Available |
| 040 ## - CATALOGING SOURCE | |
| Original cataloging agency | MBSTU LIBRARY |
| Modifying agency | MBSTU LIBRARY |
| 082 ## - DEWEY DECIMAL CLASSIFICATION NUMBER | |
| Edition number | 22 |
| Classification number | 345.0565492 FAC |
| 100 ## - MAIN ENTRY--PERSONAL NAME | |
| Personal name | Faruk, Omar. |
| 110 ## - MAIN ENTRY--CORPORATE NAME | |
| Corporate name or jurisdiction name as entry element | Nurjahan Khatun |
| 245 ## - TITLE STATEMENT | |
| Title | Crime index Bangladesh 2007 |
| 260 ## - PUBLICATION, DISTRIBUTION, ETC. (IMPRINT) | |
| Place of publication, distribution, etc. | Dhaka |
| Name of publisher, distributor, etc. | Academic Press. |
| Date of publication, distribution, etc. | 2008 |
| 300 ## - PHYSICAL DESCRIPTION | |
| Extent | 23 cm. |
| Other physical details | xvi, 91 page |
| Type of unit | 10 |
| Size of unit | 23 cm. |
| 600 ## - SUBJECT ADDED ENTRY--PERSONAL NAME | |
| Source of heading or term | Crime rights of suspects -- Bangladesh. |
| 650 ## - SUBJECT ADDED ENTRY--TOPICAL TERM | |
| Source of heading or term | Crime rights of suspects -- Bangladesh. |
| 700 ## - ADDED ENTRY--PERSONAL NAME | |
| Personal name | Faruk, Omar. |
| 710 ## - ADDED ENTRY--CORPORATE NAME | |
| Corporate name or jurisdiction name as entry element | Berdell R Funke and Christine L Case. |
| 270 ## - ADDRESS | |
| Address | Dhaka |
| City | Dhaka |
| Country | Bangladesh |
| 365 ## - TRADE PRICE | |
| Price amount | 261.00 |
| Unit of pricing | 261.00 |
| 942 ## - ADDED ENTRY ELEMENTS (KOHA) | |
| Source of classification or shelving scheme | |
| Koha item type | Books |
No items available.
